Presidential Palindromes Quiz Stats

 Plays Quiz Updated Feb 19, 2020

Support Sporcle.
Go Orange.
Score 0/8 Timer 02:00
0 Plays Today
Palindrome President % Correct
EFFEJEFFErson
93.9%
AMAObAMA
83.2%
ADAADAms
81.8%
ENNEKENNEdy
78.8%
LEVELCLEVELand
77.3%
AGAReAGAn
55.8%
EVERoosEVElt
52%
ANABuchANAn
41.3%

From the Vault

Which NFL Division - AFC

by Cutch35

Sports 2m
No fumbles allowed!
Remove Ads.
Support Sporcle.
Get the best of Sporcle when you Go Orange. This ad-free experience offers more features, more stats, and more fun while also helping to support Sporcle. Thank you for becoming a member.

Show Comments

Extras

Top Quizzes Today


Score Distribution

Your Account Isn't Verified!

In order to create a playlist on Sporcle, you need to verify the email address you used during registration. Go to your Sporcle Settings to finish the process.

Report this User

Report this user for behavior that violates our Community Guidelines.

Details: